000
00261nam a2200097Ia 4500
001
65567
008
220901n ii |||gr||||Z||||||465
100
_a
Badawi, Ahmad Ahmad ,
_e
Author.
245
0
_a
Al buhtari
_c
Ahmad Ahmad Badawi
_h
Textual Documents
942
_2
ddc
_c
BK
999
_c
66667
_d
66667